000 00775nam a22002417a 4500
001 86832
003 UA-OsUOA
005 20210721102402.0
007 ta
008 20120911b un ||||| |||| 00| 0 ukr d
040 _aUA-OsUOA
_brus
_cUA-OsUOA
_dUA-OsUOA
041 _arus
044 _aRU
080 _a94 (47+57)"1941-1945"
090 _a94 (47+57)"1941-1945"
_bВ29
245 _aВенок славы. Антология художественных произведений о Великой Отечественной войне: в 12-ти т.
_cсост. Г. Резниченко
260 _aМосква
_bСовременник
_c1986
300 _a733 с.
_bил.
505 _gТ. 12
650 7 _2UDC
_v94 Історія
942 _cBK
_2udc
955 _a3
999 _c373001
_d373001